[Event "XLVIII Festival A"]
[Site "Imperia ITA"]
[Date "2006.09.10"]
[Round "9"]
[White "Astengo, Marcello"]
[Black "Fossati, Remigio"]
[WhiteElo "2109"]
[BlackElo "2203"]
[Result "1/2-1/2"]
[PlyCount "56"]
[EventDate "2006.09.03"]

1. d4 Nf6 2. c4 g6 3. Nc3 d5 4. Nf3 Bg7 5. Bg5 dxc4 6. e3 Be6 7. Ne5 O-O 8.
Bxc4 Bxc4 9. Nxc4 Na6 10. O-O c5 11. d5 Nc7 12. d6 exd6 13. Nxd6 Ne6 14. Bh4
Qd7 15. Qd2 Ne8 16. Rad1 Nxd6 17. Qxd6 Qxd6 18. Rxd6 g5 19. Bg3 Rfd8 20. Rfd1
Rxd6 21. Rxd6 Rd8 22. Rxd8+ Nxd8 23. Kf1 Nc6 24. Ke2 b6 25. Bd6 Bf8 26. Bxf8
Kxf8 27. Kd2 Ke7 28. Ne4 h6 1/2-1/2

[Event "XLVIII Festival A"]
[Site "Imperia ITA"]
[Date "2006.09.10"]
[Round "9"]
[White "Barlocco, Carlo"]
[Black "Feistenauer, Harald"]
[WhiteElo "2183"]
[BlackElo "2107"]
[Result "1-0"]
[PlyCount "39"]
[EventDate "2006.09.03"]

1. Nf3 d5 2. g3 Nf6 3. Bg2 c5 4. d4 b6 5. c4 e6 6. Nc3 Bb7 7. Ne5 cxd4 8. Qxd4
Bc5 9. Qd3 Nbd7 10. Nxd7 Qxd7 11. Bg5 Ng4 12. O-O Ne5 13. Qc2 Nxc4 14. e4 d4
15. Na4 Ba6 16. Nxc5 bxc5 17. Rfd1 Rc8 18. Bf1 f6 19. Bc1 d3 20. Bxd3 1-0

[Event "XLVIII Festival A"]
[Site "Imperia ITA"]
[Date "2006.09.10"]
[Round "9"]
[White "Biolek, Richard sr"]
[Black "Di Paolo, Raffaele"]
[WhiteElo "2440"]
[BlackElo "2334"]
[Result "1-0"]
[PlyCount "128"]
[EventDate "2006.09.03"]

1. d4 Nf6 2. c4 g6 3. Nc3 Bg7 4. e4 d6 5. Nf3 O-O 6. Be2 e5 7. dxe5 dxe5 8.
Qxd8 Rxd8 9. Bg5 Nbd7 10. O-O-O Rf8 11. Nd5 c6 12. Ne7+ Kh8 13. Be3 Re8 14.
Nxc8 Raxc8 15. c5 Nf8 16. Bc4 Kg8 17. Ng5 Rc7 18. f3 h6 19. Nh3 Ne6 20. Bxe6
Rxe6 21. Rd8+ Re8 22. Rhd1 Rc8 23. Rxc8 Rxc8 24. Nf2 Bf8 25. Kc2 h5 26. b4 a5
27. a3 axb4 28. axb4 Ra8 29. Kb3 Be7 30. Bg5 Kf8 31. Nd3 Rd8 32. Kc2 Ra8 33.
Nb2 Ke8 34. Kb3 Nd7 35. Bxe7 Kxe7 36. Nc4 Ra6 37. Nd6 b6 38. Nc8+ Ke8 39. Nd6+
Ke7 40. Nc8+ Ke8 41. cxb6 Nxb6 42. b5 Ra5 43. Nd6+ Ke7 44. Kb4 Ra8 45. Kc5 Na4+
46. Kxc6 Rd8 47. Rd2 Ke6 48. h4 f5 49. b6 Nxb6 50. Kxb6 Rxd6+ 51. Rxd6+ Kxd6
52. Kb5 f4 53. Kb6 Ke6 54. Kc6 Ke7 55. Kd5 Kf6 56. Kd6 g5 57. hxg5+ Kxg5 58.
Kxe5 Kh4 59. Kf5 Kg3 60. e5 Kxg2 61. Kxf4 h4 62. e6 h3 63. e7 h2 64. e8=Q h1=Q
1-0

[Event "XLVIII Festival A"]
[Site "Imperia ITA"]
[Date "2006.09.10"]
[Round "9"]
[White "Finocchiaro, Gianluca"]
[Black "Blasco, Domenico"]
[WhiteElo "1986"]
[BlackElo "1992"]
[Result "0-1"]
[PlyCount "54"]
[EventDate "2006.09.03"]

1. e4 g6 2. d4 Bg7 3. Nc3 d6 4. Be3 Nd7 5. Nf3 a6 6. a4 b6 7. Bc4 e6 8. O-O Ne7
9. Qd2 h6 10. Rad1 Bb7 11. Rfe1 Nf6 12. d5 e5 13. h3 g5 14. g4 Ng6 15. Qd3 O-O
16. Ne2 Nf4 17. Bxf4 gxf4 18. Kh2 Nh7 19. h4 Bf6 20. g5 hxg5 21. hxg5 Bxg5 22.
Nxg5 Nxg5 23. Rg1 f6 24. Qh3 Kg7 25. Qf5 Rh8+ 26. Kg2 Bc8 27. Ng3 fxg3 0-1

[Event "XLVIII Festival A"]
[Site "Imperia ITA"]
[Date "2006.09.10"]
[Round "9"]
[White "Lacrosse, Marc"]
[Black "Van Hoolandt, Patrick"]
[WhiteElo "2225"]
[BlackElo "2263"]
[Result "1/2-1/2"]
[PlyCount "36"]
[EventDate "2006.09.03"]

1. e4 e5 2. Nf3 Nc6 3. Nc3 Nf6 4. Bb5 Nd4 5. Nxd4 exd4 6. e5 dxc3 7. exf6 Qxf6
8. dxc3 Bc5 9. Qe2+ Qe6 10. Bc4 Qxe2+ 11. Bxe2 d5 12. Bd3 Be6 13. O-O O-O-O 14.
Re1 h6 15. Bf4 d4 16. Be5 dxc3 17. Bxc3 Bd4 18. Bxd4 Rxd4 1/2-1/2

[Event "XLVIII Festival A"]
[Site "Imperia ITA"]
[Date "2006.09.10"]
[Round "9"]
[White "Lindoerfer, Klaus"]
[Black "Stoppa, Omar"]
[WhiteElo "2217"]
[BlackElo "2209"]
[Result "0-1"]
[PlyCount "118"]
[EventDate "2006.09.03"]

1. e4 e6 2. d4 d5 3. e5 c5 4. c3 Bd7 5. a3 Qb6 6. b4 cxd4 7. cxd4 Nc6 8. Nf3
Rc8 9. Be3 Nge7 10. Bd3 Nf5 11. O-O Nxe3 12. fxe3 Be7 13. Nbd2 O-O 14. Qb1 h6
15. Nb3 Nb8 16. Nc5 Qc7 17. Rc1 b6 18. Nb3 Qb7 19. b5 Rxc1+ 20. Qxc1 Rc8 21.
Qb2 Rc7 22. Rc1 Qc8 23. a4 Bb4 24. Rxc7 Qxc7 25. Qc1 Qxc1+ 26. Nxc1 Bc8 27. Na2
Ba5 28. Kf2 a6 29. e4 axb5 30. axb5 Bb7 31. Ke3 Nd7 32. Nc1 f6 33. exf6 gxf6
34. Nb3 Bb4 35. Kf4 Kg7 36. e5 fxe5+ 37. Nxe5 Nxe5 38. dxe5 Bc3 39. g4 Bc8 40.
h4 h5 41. gxh5 Kh6 42. Be2 Bd7 43. Ke3 Bxe5 44. Nd4 Kg7 45. Bg4 Kf6 46. Be2 Be8
47. h6 Bf7 48. Nf3 Bb2 49. h7 Kg7 50. Bd3 e5 51. Ng5 Bc1+ 52. Kf2 Bxg5 53. hxg5
e4 54. Bc2 Be8 55. Bb3 d4 56. Bc4 Bh5 57. Bf1 Kxh7 58. Bg2 e3+ 59. Ke1 d3 0-1

[Event "XLVIII Festival A"]
[Site "Imperia ITA"]
[Date "2006.09.10"]
[Round "9"]
[White "Mercandelli, Claudio"]
[Black "Faraci, Antonino"]
[WhiteElo "2028"]
[BlackElo "2060"]
[Result "1-0"]
[PlyCount "135"]
[EventDate "2006.09.03"]

1. c4 e5 2. g3 Nc6 3. Bg2 g6 4. Nc3 Bg7 5. e4 d6 6. Nge2 Nge7 7. d3 Be6 8. Nd5
O-O 9. O-O f5 10. Rb1 a5 11. b3 Qd7 12. f4 fxe4 13. dxe4 Bg4 14. Bf3 Bxf3 15.
Rxf3 Nd4 16. Nxd4 exd4 17. Bb2 Nc6 18. a3 Rac8 19. Qd3 Rf7 20. Rbf1 Rcf8 21. b4
axb4 22. axb4 Qg4 23. Kg2 g5 24. h3 Qd7 25. b5 Nd8 26. f5 Be5 27. Bxd4 c6 28.
Ne3 Qe7 29. Ng4 h5 30. f6 Qe6 31. Nh6+ Kh7 32. Nxf7 Nxf7 33. Rf5 cxb5 34. cxb5
Ra8 35. Bxe5 Ra2+ 36. R1f2 Rxf2+ 37. Kxf2 dxe5 38. Qe2 Kg6 39. Qd2 Qb6+ 40. Kg2
Qxb5 41. Rf2 Qa4 42. Qe2 Qc6 43. Qf3 b5 44. Qf5+ Kh6 45. Rd2 b4 46. h4 g4 47.
Kh2 b3 48. Qd7 Qxd7 49. Rxd7 Kg6 50. Rb7 Kxf6 51. Rxb3 Nd6 52. Rb4 Ke6 53. Kg2
Kf6 54. Kf2 Ke6 55. Ke3 Kf6 56. Kd3 Ke6 57. Kc3 Ke7 58. Ra4 Kf7 59. Ra7+ Kf6
60. Ra6 Ke7 61. Rxd6 Kxd6 62. Kb4 Kc6 63. Kc4 Kb6 64. Kd5 Kb5 65. Kxe5 Kc5 66.
Kf4 Kd4 67. e5 Kd5 68. Kf5 1-0

[Event "XLVIII Festival A"]
[Site "Imperia ITA"]
[Date "2006.09.10"]
[Round "9"]
[White "Popa, Claudiu"]
[Black "Zakoucka, Adela"]
[WhiteElo "2193"]
[BlackElo "1974"]
[Result "1/2-1/2"]
[PlyCount "31"]
[EventDate "2006.09.03"]

1. e4 c5 2. c3 d5 3. exd5 Qxd5 4. d4 Nc6 5. Nf3 e5 6. Be3 cxd4 7. cxd4 Bg4 8.
Be2 e4 9. Nfd2 Bxe2 10. Qxe2 Nxd4 11. Bxd4 Qxd4 12. Nxe4 f5 13. Ng5+ Be7 14. a4
Nf6 15. Nc3 Rc8 16. O-O 1/2-1/2

[Event "XLVIII Festival A"]
[Site "Imperia ITA"]
[Date "2006.09.10"]
[Round "9"]
[White "Raineri, Valerio"]
[Black "Cugini, Verter"]
[WhiteElo "2145"]
[BlackElo "2209"]
[Result "1-0"]
[PlyCount "57"]
[EventDate "2006.09.03"]

1. e4 e6 2. Qe2 Be7 3. f4 d5 4. d3 c5 5. Nf3 Nc6 6. c3 Nf6 7. e5 Nd7 8. g3 b5
9. Bh3 Qc7 10. O-O b4 11. c4 dxc4 12. dxc4 Bb7 13. Be3 Rd8 14. Nbd2 Nb6 15. Nb3
Nd4 16. Bxd4 cxd4 17. c5 d3 18. Qf2 Na4 19. Rac1 O-O 20. c6 Ba6 21. Rfd1 Rd5
22. Nfd4 Nc5 23. Nxc5 Bxc5 24. Rxc5 Rxc5 25. Nxe6 fxe6 26. Bxe6+ Kh8 27. Qxc5
Rd8 28. Bd7 h6 29. e6 1-0

[Event "XLVIII Festival A"]
[Site "Imperia ITA"]
[Date "2006.09.10"]
[Round "9"]
[White "Ricci, Marco"]
[Black "Cirabisi, Federico"]
[WhiteElo "2150"]
[BlackElo "2116"]
[Result "1-0"]
[PlyCount "55"]
[EventDate "2006.09.03"]

1. e4 Nf6 2. Nc3 d5 3. e5 Ne4 4. Nce2 d4 5. c3 Nc6 6. Nxd4 Nxd4 7. Qa4+ Nc6 8.
Qxe4 Be6 9. d4 Qd7 10. Nf3 O-O-O 11. Bd3 f6 12. exf6 exf6 13. Qe2 Bd6 14. Be3
Kb8 15. Bb5 Bd5 16. O-O-O a6 17. Bc4 Qf7 18. Bxd5 Qxd5 19. Kb1 g5 20. h3 h5 21.
c4 Qf7 22. d5 Nb4 23. a3 Qh7+ 24. Kc1 Na2+ 25. Kd2 Qe7 26. Kc2 Bxa3 27. Kb3
Bxb2 28. Ba7+ 1-0

[Event "XLVIII Festival A"]
[Site "Imperia ITA"]
[Date "2006.09.10"]
[Round "9"]
[White "Sulava, Nenad"]
[Black "Jacob, Volker"]
[WhiteElo "2489"]
[BlackElo "2280"]
[Result "1-0"]
[PlyCount "49"]
[EventDate "2006.09.03"]

1. Nf3 g6 2. e4 d6 3. d4 Nf6 4. Nc3 Bg7 5. Be3 Bg4 6. h3 Bxf3 7. Qxf3 Nc6 8.
O-O-O a6 9. g4 Rb8 10. Qg3 b5 11. e5 Nd7 12. f4 Nb6 13. h4 d5 14. f5 b4 15. Ne2
Nc4 16. Nf4 N6a5 17. b3 c5 18. bxc4 Nxc4 19. f6 Bh6 20. Bxc4 dxc4 21. dxc5 Qa5
22. Kd2 b3+ 23. Ke2 bxc2 24. Rc1 exf6 25. Nd5 1-0

[Event "XLVIII Festival A"]
[Site "Imperia ITA"]
[Date "2006.09.10"]
[Round "9"]
[White "Tomassoni, Leonardo"]
[Black "Pesce, Gabriele"]
[WhiteElo "2005"]
[BlackElo "2006"]
[Result "1/2-1/2"]
[PlyCount "59"]
[EventDate "2006.09.03"]

1. e4 c5 2. Nf3 Nc6 3. d4 cxd4 4. Nxd4 e5 5. Nb3 Nf6 6. Nc3 d6 7. Be2 Be7 8.
O-O O-O 9. Kh1 Be6 10. f4 exf4 11. Bxf4 d5 12. exd5 Nxd5 13. Nxd5 Qxd5 14. Bf3
Qxd1 15. Raxd1 Rad8 16. c3 Rxd1 17. Rxd1 Rd8 18. Rxd8+ Nxd8 19. Bc7 Nc6 20.
Bxc6 bxc6 21. Nd4 Bd5 22. b3 Ba3 23. Kg1 Be4 24. Kf1 Bb2 25. Ba5 a6 26. Bb4 c5
27. Bxc5 Bxc3 28. g3 a5 29. Ke2 Bb1 30. a3 1/2-1/2

[Event "II C.to Unione Europea"]
[Site "Liverpool ENG"]
[Date "2006.09.08"]
[Round "3"]
[White "Carleton, John J."]
[Black "Gandolfi, Gianfranco"]
[Result "1-0"]
[WhiteElo "2294"]
[BlackElo "1882"]
[PlyCount "49"]
[EventDate "2006.09.06"]

1. d4 c5 2. d5 Nf6 3. c4 g6 4. Nc3 d6 5. e4 Bg7 6. f4 O-O 7. Nf3 Bg4 8. Be2 e6
9. O-O exd5 10. e5 dxe5 11. fxe5 Nfd7 12. Bg5 Qa5 13. Nxd5 Nc6 14. Nf6+ Bxf6
15. exf6 Rad8 16. Qc1 h5 17. Bh4 Kh7 18. Ng5+ Kg8 19. Bxg4 hxg4 20. Ne6 fxe6
21. Qh6 Rf7 22. Qxg6+ Kf8 23. Bg5 Nce5 24. Bh6+ Ke8 25. Qg8+ 1-0

[Event "II C.to Unione Europea"]
[Site "Liverpool ENG"]
[Date "2006.09.10"]
[Round "5"]
[White "Williamson, Roger G."]
[Black "Gandolfi, Gianfranco"]
[Result "1-0"]
[WhiteElo "2155"]
[BlackElo "1882"]
[PlyCount "61"]
[EventDate "2006.09.06"]

1. e4 e5 2. Nf3 Nc6 3. Bb5 a6 4. Ba4 Nf6 5. O-O Be7 6. Re1 b5 7. Bb3 d6 8. c3
O-O 9. h3 h6 10. d4 Re8 11. a4 Bb7 12. d5 Na5 13. Bc2 c6 14. dxc6 Bxc6 15. Nbd2
Bf8 16. b4 Nc4 17. Nxc4 bxc4 18. a5 Qc7 19. Qe2 Bb5 20. Be3 d5 21. Bb6 Qc8 22.
exd5 Nxd5 23. Qe4 Nf6 24. Qh4 Bd6 25. Rad1 Bc7 26. Be3 Nh7 27. Bxh6 gxh6 28.
Qxh6 Nf8 29. Ng5 Re6 30. Bh7+ Kh8 31. Bg6+ 1-0

[Event "II C.to Unione Europea"]
[Site "Liverpool ENG"]
[Date "2006.09.13"]
[Round "8"]
[White "Hardman, Michael J."]
[Black "Gandolfi, Gianfranco"]
[Result "1-0"]
[WhiteElo "2151"]
[BlackElo "1882"]
[PlyCount "103"]
[EventDate "2006.09.06"]

1. d4 d5 2. Nf3 Nf6 3. g3 Bf5 4. Bg2 h6 5. O-O c6 6. c4 e6 7. Qb3 Qb6 8. c5
Qxb3 9. axb3 Nbd7 10. Nc3 Be7 11. h3 O-O 12. g4 Bg6 13. Bf4 Ne4 14. Nd2 Nxd2
15. Bxd2 e5 16. e3 f5 17. f4 exd4 18. exd4 a6 19. Nxd5 cxd5 20. Bxd5+ Bf7 21.
Bxb7 Nxc5 22. dxc5 Bxc5+ 23. Kg2 Ra7 24. Bxa6 fxg4 25. hxg4 Bd5+ 26. Kg3 Rfa8
27. b4 Bd4 28. b5 Bc4 29. Ra4 Bxb5 30. Bxb5 Rxa4 31. Bxa4 Rxa4 32. Bc3 Rc4 33.
Bxd4 Rxd4 34. Rf3 Rd2 35. Rb3 Kf7 36. f5 Kf6 37. Rb6+ Ke5 38. Re6+ Kd5 39. Rg6
Rxb2 40. Rxg7 Rb3+ 41. Kh4 Rb1 42. Kh5 Rh1+ 43. Kg6 Ke5 44. Re7+ Kd6 45. Re4
Kd5 46. Re8 Rg1 47. f6 Rxg4+ 48. Kf5 Rg1 49. f7 Rf1+ 50. Kg6 Rg1+ 51. Kxh6 Rh1+
52. Kg5 1-0

[Event "II C.to Unione Europea"]
[Site "Liverpool ENG"]
[Date "2006.09.15"]
[Round "10"]
[White "Peacock, Malcolm R."]
[Black "Gandolfi, Gianfranco"]
[Result "1-0"]
[WhiteElo "2079"]
[BlackElo "1882"]
[PlyCount "115"]
[EventDate "2006.09.06"]

1. c4 e6 2. Nf3 d5 3. b3 Nf6 4. Bb2 Be7 5. g3 dxc4 6. bxc4 c5 7. Bg2 Nc6 8. O-O
O-O 9. d3 Qb6 10. Bc3 Bd7 11. Na3 a6 12. Rb1 Qc7 13. Qb3 Rab8 14. Qb2 Ne8 15.
Ne5 Nxe5 16. Bxe5 Bd6 17. Bxd6 Nxd6 18. Qb6 Rfc8 19. Rb2 Qxb6 20. Rxb6 Bc6 21.
Rfb1 Bxg2 22. Kxg2 Rd8 23. R1b2 Kf8 24. Nb1 Rd7 25. Rxa6 b5 26. cxb5 Rxb5 27.
Rxd6 Rxb2 28. Rxd7 Rxb1 29. Ra7 Rb4 30. a4 c4 31. dxc4 Rxc4 32. a5 Ra4 33. a6
g6 34. h4 Kg7 35. Ra8 h5 36. Kf3 Kf6 37. Ke3 Ke5 38. Kd3 Ra3+ 39. Kc4 Ra2 40.
Kb5 Rxe2 41. Rc8 Rb2+ 42. Kc6 Ra2 43. Kb7 Rb2+ 44. Ka7 Rxf2 45. Rc7 Kd6 46. Kb8
Ra2 47. a7 f6 48. Rb7 g5 49. a8=Q Rxa8+ 50. Kxa8 gxh4 51. gxh4 e5 52. Rh7 e4
53. Rxh5 Ke6 54. Rh8 Kf7 55. h5 f5 56. h6 e3 57. h7 e2 58. Re8 1-0

[Event "VIII Open"]
[Site "Crema ITA"]
[Date "2006.09.08"]
[Round "1"]
[White "Potenza, Gaetano"]
[Black "Annoni, Riccardo"]
[Result "0-1"]
[WhiteElo "1664"]
[BlackElo "2068"]
[PlyCount "46"]
[EventDate "2006.09.08"]

1. e4 c5 2. Nf3 e6 3. d4 cxd4 4. Nxd4 Nf6 5. Nc3 Bb4 6. e5 Nd5 7. Qg4 O-O 8.
Bh6 g6 9. h4 Nxc3 10. bxc3 Bxc3+ 11. Kd1 Bxa1 12. h5 Nc6 13. hxg6 fxg6 14. Bg5
Qb6 15. f4 Nxd4 16. Bd3 Bc3 17. f5 Qb1+ 18. Bc1 Bb2 19. Kd2 Bxc1+ 20. Rxc1 Qb4+
21. Kd1 Nc6 22. Qg3 exf5 23. a3 Qg4+ 0-1

[Event "VIII Open"]
[Site "Crema ITA"]
[Date "2006.09.08"]
[Round "2"]
[White "Valsecchi, Alessio"]
[Black "Salvador, Roland"]
[Result "1-0"]
[WhiteElo "2004"]
[BlackElo "2420"]
[PlyCount "75"]
[EventDate "2006.09.08"]

1. e4 c5 2. Nf3 Nc6 3. d4 cxd4 4. Nxd4 Nf6 5. Nc3 e5 6. Ndb5 d6 7. Bg5 a6 8.
Na3 b5 9. Bxf6 gxf6 10. Nd5 f5 11. Bxb5 axb5 12. Nxb5 Ra4 13. c4 Qa5+ 14. b4
Rxb4 15. O-O Rb2 16. Nf6+ Kd8 17. Nxd6 Rd2 18. Nxf7+ Ke7 19. Nd5+ Rxd5 20. cxd5
Kxf7 21. Qh5+ Kf6 22. dxc6 Rg8 23. Qxh7 Rg7 24. Qh4+ Kf7 25. Rad1 Qc7 26. Qd8
Qxc6 27. Rc1 Qxe4 28. Rc7+ Kg8 29. Rxg7+ Kxg7 30. Qxc8 f4 31. Qg4+ Kf6 32. Qf3
Qc2 33. Re1 Bb4 34. Qe2 Qc3 35. Rd1 Bc5 36. Qa6+ Kg5 37. h4+ Kf5 38. Qd3+ 1-0

[Event "VIII Open"]
[Site "Crema ITA"]
[Date "2006.09.09"]
[Round "3"]
[White "Barberi, Alessandro"]
[Black "Annoni, Riccardo"]
[Result "0-1"]
[WhiteElo "2153"]
[BlackElo "2068"]
[PlyCount "110"]
[EventDate "2006.09.08"]

1. d4 d5 2. Nf3 Nc6 3. b3 Bg4 4. Nbd2 e6 5. Bb2 Bd6 6. c4 Bxf3 7. exf3 Qf6 8.
cxd5 exd5 9. Bb5 Nge7 10. Bxc6+ Nxc6 11. Qe2+ Qe7 12. Qxe7+ Kxe7 13. a3 Rhe8
14. O-O-O Bf4 15. g3 Bxd2+ 16. Kxd2 Kd7 17. Rhe1 Rxe1 18. Rxe1 Re8 19. Re3 Re6
20. h4 Ne7 21. f4 Rxe3 22. Kxe3 h5 23. Bc3 b6 24. Kd3 Nf5 25. Be1 Nd6 26. f3 f5
27. Bf2 c6 28. Be3 Nb7 29. Bd2 g6 30. Be1 Kd6 31. Bc3 c5 32. dxc5+ Nxc5+ 33.
Kc2 Kc6 34. Bd4 a5 35. a4 b5 36. axb5+ Kxb5 37. Kc3 Ne6 38. Bf6 d4+ 39. Kc2 Kc5
40. Be7+ Kd5 41. Bf6 Nc5 42. Bd8 d3+ 43. Kc3 d2 44. Kxd2 Nxb3+ 45. Kc3 a4 46.
Kb4 Nd4 47. Kxa4 Kc4 48. Ka5 Kd3 49. Bb6 Nxf3 50. Kb5 Ke2 51. Kc6 Kf1 52. Kd5
Kg2 53. Ke6 Kxg3 54. Kf6 Nxh4 55. Kg5 Nf3+ 0-1

[Event "XV C.to Mondiale ICSC a squadre"]
[Site "Nyiregyhaza HUN"]
[Date "2006.09.09"]
[Round "1.1"]
[White "Zandonella, Remo"]
[Black "Salov, Sergei"]
[Result "0-1"]
[WhiteElo "1605"]
[BlackElo "2297"]
[Annotator "ITA-GER"]
[PlyCount "60"]
[EventDate "2006.09.09"]

1. e4 c5 2. Bc4 e6 3. c3 Qc7 4. Ne2 a6 5. O-O Nf6 6. Ng3 b5 7. Be2 Bb7 8. d3 d5
9. exd5 Nxd5 10. Bf3 Be7 11. Nd2 Nd7 12. c4 Nb4 13. Bxb7 Qxb7 14. Nf3 O-O 15.
a3 Nc6 16. Re1 Nf6 17. Qe2 Rfd8 18. Rb1 Qd7 19. cxb5 axb5 20. Rd1 c4 21. d4 Qd5
22. Be3 Nd7 23. Rbc1 Na5 24. Nd2 Nb6 25. Nge4 Nb3 26. Nxb3 Qxe4 27. Nc5 Bxc5
28. dxc5 Nd5 29. Rd4 Nf4 30. Qg4 Rxd4 0-1

[Event "XV C.to Mondiale ICSC a squadre"]
[Site "Nyiregyhaza HUN"]
[Date "2006.09.09"]
[Round "1.2"]
[White "Gruender, Michael"]
[Black "Pasquotto, Mirko"]
[Result "1-0"]
[WhiteElo "2055"]
[BlackElo "1939"]
[Annotator "ITA-GER"]
[PlyCount "63"]
[EventDate "2006.09.09"]

1. Nf3 Nf6 2. c4 g6 3. g3 Bg7 4. Bg2 O-O 5. O-O d6 6. d4 Nbd7 7. Nc3 e5 8. e4
exd4 9. Nxd4 Ne5 10. b3 c6 11. h3 Re8 12. Re1 Qc7 13. a4 a5 14. Ra2 Ned7 15.
Ba3 Nc5 16. e5 dxe5 17. Nxc6 Nxb3 18. Nb5 Qd7 19. Qxb3 bxc6 20. Nd6 Re6 21. Rd2
Qc7 22. Red1 Rb8 23. Qe3 Ba6 24. Ne4 Nxe4 25. Bxe4 f5 26. Rd7 Qb6 27. Rb1 Qxb1+
28. Bxb1 Rxb1+ 29. Kh2 Rb7 30. Rxb7 Bxb7 31. Qb6 Bc8 32. Qd8+ 1-0

[Event "XV C.to Mondiale ICSC a squadre"]
[Site "Nyiregyhaza HUN"]
[Date "2006.09.09"]
[Round "1.3"]
[White "Nazarova, Olga"]
[Black "Jentsch, Dieter"]
[Result "0-1"]
[WhiteElo "1986"]
[BlackElo "2200"]
[Annotator "ITA-GER"]
[PlyCount "130"]
[EventDate "2006.09.09"]

1. d4 d5 2. Nf3 Nf6 3. c4 dxc4 4. e3 a6 5. Bxc4 b5 6. Bd3 Bb7 7. O-O e6 8. Be2
Nbd7 9. a3 c5 10. dxc5 Bxc5 11. b4 Be7 12. Bb2 O-O 13. Nbd2 Qb8 14. h3 Rd8 15.
Rc1 a5 16. Bc3 Nd5 17. Qb3 Nxc3 18. Qxc3 axb4 19. axb4 Ra2 20. Rfd1 Nf6 21. Rc2
Bxb4 22. Qxb4 Rxc2 23. Qxb5 Bxf3 24. Qxb8 Rxb8 25. Bxf3 Rd8 26. Nf1 Rxd1 27.
Bxd1 Rb2 28. Bf3 Nd7 29. g3 Ne5 30. Bg2 Nd3 31. f3 f5 32. f4 h5 33. h4 Kf7 34.
Bf3 g6 35. Bg2 Ne1 36. Ba8 Ke7 37. Bh1 Kd6 38. e4 Nc2 39. e5+ Kc5 40. Ba8 Kd4
41. Bc6 Kd3 42. Bh1 Ke2 43. Nh2 Ne3 44. Bf3+ Kd2 45. Nf1+ Nxf1 46. Kxf1 Ke3 47.
Bc6 Rf2+ 48. Kg1 Rf3 49. Bxf3 Kxf3 50. Kh2 Kf2 51. Kh3 Kg1 52. g4 hxg4+ 53. Kg3
Kf1 54. h5 gxh5 55. Kh4 g3 56. Kxg3 Ke2 57. Kh4 Kf3 58. Kg5 h4 59. Kf6 h3 60.
Kxe6 h2 61. Kd7 h1=Q 62. e6 Qd1+ 63. Ke8 Kxf4 64. e7 Qd6 65. Kf7 Qxe7+ 0-1

[Event "XV C.to Mondiale ICSC a squadre"]
[Site "Nyiregyhaza HUN"]
[Date "2006.09.09"]
[Round "1.4"]
[White "Mucha, Annegret"]
[Black "Grudina, Marco"]
[Result "1-0"]
[WhiteElo "1861"]
[BlackElo "1802"]
[Annotator "ITA-GER"]
[PlyCount "81"]
[EventDate "2006.09.09"]

1. Nc3 d5 2. e4 d4 3. Nce2 e5 4. Ng3 Nf6 5. Bc4 Bc5 6. Nf3 Qe7 7. O-O O-O 8. d3
h6 9. Nh4 Nc6 10. Ng6 Qd8 11. Nxf8 Kxf8 12. a3 a6 13. h3 Ne7 14. f4 Ng6 15. Nh5
Ng8 16. f5 Nh8 17. Qg4 g5 18. fxg6 Bxg4 19. g7+ Ke7 20. gxh8=Q Be6 21. Bxe6
Kxe6 22. Qg7 Qe7 23. Bxh6 Nxh6 24. Qxh6+ Kd7 25. Nf6+ Kc8 26. Qh8+ Qd8 27.
Qxd8+ Kxd8 28. Nd5 c6 29. b4 Ba7 30. Nf6 Bb8 31. Ng4 Ke7 32. Rf5 a5 33. Raf1
axb4 34. axb4 Kd8 35. Rxf7 Kc8 36. Rh7 Bc7 37. Rf8+ Bd8 38. Rhh8 Kc7 39. Rxd8
Rxd8 40. Rxd8 Kxd8 41. Nxe5 1-0

[Event "XV C.to Mondiale ICSC a squadre"]
[Site "Nyiregyhaza HUN"]
[Date "2006.09.10"]
[Round "3.4"]
[White "Frajka, Peter"]
[Black "Grudina, Marco"]
[Result "0-1"]
[WhiteElo "1808"]
[BlackElo "1802"]
[Annotator "ITA-SVK"]
[PlyCount "92"]
[EventDate "2006.09.09"]

1. d4 d5 2. c4 c6 3. Nc3 Nf6 4. e3 e6 5. Nf3 Nbd7 6. Bd2 Bd6 7. Bd3 O-O 8. Rc1
Re8 9. O-O e5 10. dxe5 Nxe5 11. Nxe5 Bxe5 12. h3 Be6 13. cxd5 Nxd5 14. Qh5 Nf6
15. Qxe5 Qxd3 16. Qd4 Rad8 17. Qxd3 Rxd3 18. Rfd1 Red8 19. Be1 Rxd1 20. Rxd1
Rxd1 21. Nxd1 Bxa2 22. Nc3 Bc4 23. f3 Nd5 24. Nxd5 Bxd5 25. Kf2 f5 26. f4 Kf7
27. g3 h5 28. h4 Ke6 29. Ke2 Bc4+ 30. Kd2 Kd5 31. Kc3 Bf1 32. b3 c5 33. Kc2 b5
34. Bc3 g6 35. b4 cxb4 36. Bxb4 Kc4 37. Bf8 a5 38. Be7 b4 39. Bd8 a4 40. Kb2
Bg2 41. Be7 Bd5 42. Bf8 a3+ 43. Kc1 Be4 44. Be7 Kb3 45. Bf6 Ka2 46. Be5 b3 0-1

[Event "XV C.to Mondiale ICSC a squadre"]
[Site "Nyiregyhaza HUN"]
[Date "2006.09.11"]
[Round "4.1"]
[White "Cehic, Goran"]
[Black "Deancovich, Patrizio"]
[Result "1-0"]
[WhiteElo "2136"]
[BlackElo "1461"]
[Annotator "ITA-CRO"]
[PlyCount "31"]
[EventDate "2006.09.09"]

1. c4 c5 2. Nc3 Nc6 3. Nf3 Nf6 4. g3 g6 5. Bg2 Bg7 6. O-O O-O 7. d4 a6 8. dxc5
Ne8 9. Bg5 Bf6 10. Bf4 e5 11. Be3 Ng7 12. Nd5 Nf5 13. Nxf6+ Qxf6 14. Bg5 Qe6
15. Nd2 f6 16. Bd5 1-0

[Event "XV C.to Mondiale ICSC a squadre"]
[Site "Nyiregyhaza HUN"]
[Date "2006.09.11"]
[Round "4.4"]
[White "Grudina, Marco"]
[Black "Srdanovic, Josip"]
[Result "0-1"]
[WhiteElo "1802"]
[BlackElo "2069"]
[Annotator "ITA-CRO"]
[PlyCount "106"]
[EventDate "2006.09.09"]

1. e4 c5 2. Nf3 d6 3. d4 cxd4 4. Nxd4 Nf6 5. Nc3 g6 6. f4 Nfd7 7. Be3 Bg7 8.
Qd2 Nc6 9. O-O-O O-O 10. Bc4 Nb6 11. Bb3 Na5 12. h3 Nbc4 13. Bxc4 Nxc4 14. Qd3
Nxe3 15. Qxe3 Qa5 16. g4 e5 17. Nb3 exf4 18. Nxa5 fxe3 19. Rxd6 Be6 20. Nb3 Be5
21. Rd3 Bc4 22. Rd7 Bf4 23. Nd5 Bxd5 24. Rxd5 Rfd8 25. Kd1 Rxd5+ 26. exd5 Rd8
27. c4 b5 28. c5 Rxd5+ 29. Ke2 a5 30. Kf3 g5 31. c6 a4 32. Nc1 Rc5 33. Nd3 Rxc6
34. Rc1 Rd6 35. Rc3 Rd4 36. h4 h6 37. hxg5 Bxg5 38. Ne1 b4 39. Rc8+ Kg7 40. Nc2
Rf4+ 41. Ke2 Rf2+ 42. Ke1 b3 43. axb3 axb3 44. Nd4 Rxb2 45. Nf5+ Kf6 46. Rc6+
Ke5 47. Rb6 Ke4 48. Rb4+ Kd3 49. Rd4+ Kc3 50. Re4 Bh4+ 51. Kd1 Rd2+ 52. Kc1 b2+
53. Kb1 Rd1+ 0-1

[Event "XV C.to Mondiale ICSC a squadre"]
[Site "Nyiregyhaza HUN"]
[Date "2006.09.12"]
[Round "5.2"]
[White "Babiy, Petr"]
[Black "Zandonella, Remo"]
[Result "1-0"]
[WhiteElo "2092"]
[BlackElo "1605"]
[Annotator "ITA-UKR"]
[PlyCount "90"]
[EventDate "2006.09.09"]

1. d4 Nf6 2. c4 e6 3. Nc3 c6 4. e4 Bb4 5. e5 Ne4 6. Nge2 d5 7. Qb3 Bxc3+ 8.
bxc3 O-O 9. f3 dxc4 10. Qxc4 Nd6 11. exd6 Qxd6 12. a4 Re8 13. Bf4 Qd5 14. Qxd5
exd5 15. Bxb8 Rxb8 16. Kf2 g5 17. Nc1 b6 18. Rb1 Bf5 19. Bd3 Bd7 20. Bc2 b5 21.
Nd3 Bf5 22. axb5 cxb5 23. g4 Bg6 24. Nb4 Bxc2 25. Nxc2 Rec8 26. Rb3 a5 27. Na3
b4 28. cxb4 axb4 29. Rhb1 Ra8 30. Nb5 Rc2+ 31. Kg3 Raa2 32. Rh1 Rg2+ 33. Kh3
Rgf2 34. Nc7 Rad2 35. Nxd5 Rxd4 36. Nf6+ Kg7 37. Ne4 Rc2 38. Nxg5 Kg6 39. Ne4
f5 40. gxf5+ Kxf5 41. Rg1 Rc6 42. Rg5+ Kf4 43. Rg4+ Ke5 44. Rg5+ Kf4 45. Rh5 h6
1-0

[Event "XV C.to Mondiale ICSC a squadre"]
[Site "Nyiregyhaza HUN"]
[Date "2006.09.12"]
[Round "6.1"]
[White "Deancovich, Patrizio"]
[Black "Szurovszky, Elek"]
[Result "0-1"]
[WhiteElo "1461"]
[BlackElo "2239"]
[Annotator "ITA-HUN"]
[PlyCount "46"]
[EventDate "2006.09.09"]

1. e4 e5 2. Bc4 Bc5 3. Nf3 d6 4. O-O Nc6 5. a3 Bg4 6. d3 Qf6 7. Bxf7+ Qxf7 8.
Ng5 Bxd1 9. Nxf7 Kxf7 10. Rxd1 Nf6 11. h3 h6 12. a4 a5 13. Re1 g5 14. Be3 Rag8
15. Nd2 h5 16. Re2 h4 17. f3 Nh5 18. Bxc5 dxc5 19. Ra3 Rd8 20. Re3 Nf4 21. c4
Nb4 22. Nb3 b6 23. Nc1 Nc2 0-1